00980nam a2200181 a 450000100100000000500170001000800410002704000250006808200160009311100850010924500670019426001570026104900090041895201200042795201140054795201200066199900170078100002830020200930031523.0110407s1999 dr 000 0 spa d aDO-SdBNPbspacBNPHU axxxxbC749b2 aCongreso Dominicano de Filosofían(1er. :d1999, feb. 3cSanto Domingo)95529610aBalance y utopía :bmemorias /cpresentación Rafael Morla. aSanto Domingo :bDepartamento de Filosofía de la Universidad Auntonoma de Santo Domingo, Facultad de HumanidadesbCentro Cultural Español,c[1999?]. aBNPD 0010718DSaGRbGRcCTd2011-04-07iLF1l0oxxxx C749bp28300-30r2020-06-25te. 3w2020-06-25yLFDSZNo se presta 0010718PDaPDbPDcCTd2011-04-07iLF1l0oxxxx C749bp28300-10r2020-06-25w2020-06-25yLFPDZNo se presta 0010718PDaPDbPDcCTd2011-04-07iLF1l0oxxxx C749bp28300-20r2020-06-25te. 2w2020-06-25yLFPDZNo se presta c27792d27792